<?xml version="1.0" encoding="UTF-8"?>
<marc:record xmlns:marc="http://www.loc.gov/MARC21/slim">
   <marc:leader>00000nam a2200000 a 4500</marc:leader>
   <marc:datafield ind1="1" ind2=" " tag="100">
      <marc:subfield code="a">Verhoeven, Simon</marc:subfield>
   </marc:datafield>
   <marc:datafield ind1="1" ind2=" " tag="100">
      <marc:subfield code="a">Ahlers, Liesl</marc:subfield>
   </marc:datafield>
   <marc:datafield ind1="1" ind2=" " tag="100">
      <marc:subfield code="a">Moseley, William</marc:subfield>
   </marc:datafield>
   <marc:datafield ind1="1" ind2=" " tag="100">
      <marc:subfield code="a">Debnam-Carey, Alycia</marc:subfield>
   </marc:datafield>
   <marc:datafield ind1=" " ind2=" " tag="653">
      <marc:subfield code="a">Facebook</marc:subfield>
   </marc:datafield>
   <marc:datafield ind1="0" ind2="0" tag="245">
      <marc:subfield code="a">Unfriend</marc:subfield>
   </marc:datafield>
   <marc:datafield ind1="0" ind2="0" tag="245">
      <marc:subfield code="b">be careful who you click with</marc:subfield>
   </marc:datafield>
   <marc:datafield ind1="0" ind2="0" tag="245">
      <marc:subfield code="c">Darst.: Alycia Debnam-Carey, William Moseley,Liesl Ahlers ... Regie: Simon Verhoeven</marc:subfield>
   </marc:datafield>
   <marc:datafield ind1=" " ind2="1" tag="264">
      <marc:subfield code="a">Hamburg</marc:subfield>
      <marc:subfield code="b">Warner Bros. Entertainment GmbH</marc:subfield>
      <marc:subfield code="c">2016</marc:subfield>
   </marc:datafield>
   <marc:datafield ind1="1" ind2=" " tag="520">
      <marc:subfield code="a">Die beliebte Studentin Laura genießt das College-Leben, das sie gern auch mit ihren über 800 Freunden auf Facebook teilt. Aber als sie eines Tages die mysteriöse Freundschaftsanfrage der Außenseiterin Marina annimmt, gerät sie in den Bann eines schrecklichen Fluchs: Lauras engste Freunde sterben auf grausame Weise. Ihr selbst bleiben nur wenige Tage Zeit, um das Rätsel des geheimnisvollen Mädchens und ihres Facebookprofils zu lösen und den tödlichen Bann zu brechen.</marc:subfield>
   </marc:datafield>
   <marc:datafield ind1=" " ind2=" " tag="020">
      <marc:subfield code="a">5051890302724</marc:subfield>
      <marc:subfield code="9">5051890302724</marc:subfield>
   </marc:datafield>
   <marc:datafield ind1="3" ind2=" " tag="024">
      <marc:subfield code="a">5051890302724</marc:subfield>
   </marc:datafield>
   <marc:datafield ind1="0" ind2=" " tag="490">
      <marc:subfield code="v">0</marc:subfield>
   </marc:datafield>
   <marc:datafield ind1=" " ind2=" " tag="300">
      <marc:subfield code="a">1 DVD (PAL, Ländercode 2, ca. 89 Min.) : farbig, mit Ton</marc:subfield>
   </marc:datafield>
</marc:record>
